MDQL
is popping MORE tags! Check the
thread
!
Quizzes
Events
Quiz Creation
Community
Videos
Private Events
Remove Ads
Sign In
Join for FREE
Feedback
Dark Mode
Quiz Categories
Sports
Geography
Music
Movies
Television
Just For Fun
Miscellaneous
History
Literature
Language
Science
Gaming
Entertainment
Religion
Holiday
For Kids
Quiz Lab
Recent
Popular Today
Quiz Kudos Today
Editor Picks
Curator Picks
Quizzes by...
Day
Popularity
Type
Ratings
Length
Year
Community
Subscriptions
Recent Discussions
Orange Saloon
Badges
Playlists
Quests
Create
Leaderboards
Showdown
Live 5
Trivia Bingo
Activity
Puzzle Library
Sporcle Events
Private Events
Virtual Trivia
Globe League
Become a Host
Pub Owners
SporcleCon
Opinionation
Our Games
Videos
Blog
Mobile Apps
Partnerships
Remove Ads and Go Orange
Feedback
Literature
Harry Potter
A Song of Ice and Fire
The Hunger Games
Literary Character
Shakespeare
Book
Author
Novel
Poem
Young Adult
Children's Books
Play
Lord of the Rings
Literature
Harry Potter
A Song of Ice and Fire
The Hunger Games
Literary Character
Shakespeare
Book
Author
Novel
Poem
Young Adult
Children's Books
Play
Lord of the Rings
Random Quiz
Search Sporcle
×
Quiz Lab
Quiz Lab
Literature
300
Type in answers that appear in a list
Type in answers that appear in a list
Classic
Best Score? Go Orange.
Name the sections in Dewey Decimal System Stats
Can you name the sections in Dewey Decimal System?
By
Traino
5m
10 Questions
96 Plays
96 Plays
96 Plays
Comments
Comments
Give Quiz Kudos
Give Quiz Kudos
-
- Ratings
hide this ad
Replay
Link that replays current quiz
Next Quiz
Link to next quiz in quiz playlist
You Got
0%
They Got
Avg Score
73%
Avg Friend Score
Upgrade to see
Score Distribution
Jump to the score distribution portion of the page
Score
0/10
Timer
05:00
0
Plays Today
eg 300s
eg History
% Correct
500s
Science
95.8%
800s
Literature
91.7%
400s
Language
90.6%
700s
The Arts
83.3%
200s
Religion
81.3%
900s
Geography
81.3%
600s
Technology
76%
100s
Philosophy
68.8%
300s
Social Sciences
61.5%
000s
General Subjects
6.3%
Quiz Playlist
Details
Report
Send in Message
Add To Playlist
Classic:
Type in answers that appear in a list
Last Updated: Feb 16, 2017
Quiz Scoreboard
CHALLENGE
Sign Up to Join the Scoreboard
Show All
Scores
Hide
Comments
May contain spoilers
Recently Published
Colored Red Africa Blitz
by spor1
Geography
30s
Find the 'City' Movie
by crazypaving
Movies
60s
5x2 Blitz: Bands
by SL_Kpop136
Music
30s
More to Explore
Quiz From the Vault
Featured Blog Post
14 Easter Pick-up Lines to Find Eggs With
hide this ad
You Might Also Like...
Tags
300
decimal
Dewey
Dewey Decimal
section
System
Today's Top Quizzes in Literature
Browse Literature
hide this ad
Today's Top Quizzes in 300
Browse 300
Top Contributed Quizzes in Literature
1
Sneaky Slytherin Logic Puzzle
2
Mini Trivia Sudoku: A Song of Ice and Fire
3
The Hunger Games Logic Puzzle: Find Katniss
4
One Thing in Common: Literature II
5
Harry Potter Clickable Logic Puzzle #4
6
A Harry Potter Logic Puzzle
7
Harry Potter Video Game Releases
8
Pick 3: Harry Potter Classmates
9
Click the Dead Men
10
Silmarillion Characters by Any 3 Letters
Explore More
Trending Topics
Kpop
Anime
Harry Potter
Disney
Crossword
Marvel
NBA
Soccer
Pokémon
Country
NFL
Puzzle
The Office
Song
WWE
hide this ad
More By:
Traino
Quiz
Plays
Rating
Category
Featured
Created
City Quiz: Cambridge
635
1.29
Geography
Jul 15, 2010
What did she say, according to Plan B?
168
2.00
Music
Jul 15, 2010
Plan B Songs
159
4.00
Music
Jul 15, 2010
Name the sections in Dewey Decimal System
96
3.00
Literature
Nov 25, 2009
Cambridge Latin Course Book 2 Locations
70
5.00
Literature
May 13, 2010
Go to Creator's Profile
Score Distribution
Quiz Creator Spotlight
Traino
Follow
Send a Message
Quizzes Created
-
Created Quiz Play Count
-
More By This Creator
Popular Quizzes Today
1
Find the 'City' Movie
2
5x2 Blitz: Bands
3
Colored Red Africa Blitz
4
Find the US States - No Outlines Minefield
5
The Countries of the World
6
Find the US States
7
9x9 Crossword: Cartoon Network
8
US States
More Literature Quizzes
Match the Book to the Film V
Published
Trending Quizzes
Colored Red Europe Blitz I
Colored Red Africa Blitz II
Colored Red Africa Blitz III
Colored Red Europe Blitz III
Colored Red Europe Blitz II
Recently Updated
Champions League XIs: Real Madrid
pecheneg
Largest US Cities 1790-2010
pecheneg
Rides in Walt Disney World
pecheneg
Most Oscar Losses (Acting)
pecheneg
Beyoncé Albums
pecheneg
Leaping Animals
pecheneg
Reality TV Shows (A-Z)
bhenderson79
Rickey Henderson's Hall of Fame Teammates
pecheneg
Champions League XIs: Arsenal
pecheneg
Quick Pick: Celebrities in WWE's Hall of Fame
aduchscher
Trending Topics
Anime
Marvel
Kpop
Disney
Harry Potter
Crossword
NBA
Puzzle
Pokémon
Soccer
Country
The Office
NFL
Song
WWE
Your Account Isn't Verified!
In order to create a playlist on Sporcle, you need to verify the email address you used during registration. Go to your
Sporcle Settings
to finish the process.
Report this User
Report this user for behavior that violates our
Community Guidelines
.
Details:
Send Report
Go to the Sporcle.com Mobile Site →
Comments